Mujeres singulares /
| Clasificación: | Libro Electrónico |
|---|---|
| Autor principal: | |
| Otros Autores: | |
| Formato: | Electrónico eBook |
| Idioma: | Español Inglés |
| Publicado: |
Barcelona :
Alba,
[2020]
|
| Edición: | Edición en formato digital. |
| Colección: | Alba minus.
Alba Clásica ; 47. |
| Temas: | |
| Acceso en línea: | Texto completo |
MARC
| LEADER | 00000nam a2200000 i 4500 | ||
|---|---|---|---|
| 001 | DIGALBA0403 | ||
| 003 | NyNyDIG | ||
| 007 | cr ||||||||||| | ||
| 008 | 220923s2020 sp o 000 f spa d | ||
| 006 | m o d | ||
| 035 | |a (OCoLC)1350509406 | ||
| 040 | |a DGITA |b eng |e rda |e pn |c DGITA | ||
| 020 | |a 9788490657188 |q eBook | ||
| 020 | |z 9788484280774 | ||
| 041 | 1 | |a spa |h eng | |
| 043 | |a e-uk-en | ||
| 050 | 1 | 4 | |a PR4716 ebook |
| 082 | 1 | 4 | |a 823.8 |
| 100 | 1 | |a Gissing, George, |d 1857-1903, |e author. | |
| 240 | 1 | 0 | |a Odd women. |l Spanish |s (Palomas) |
| 245 | 1 | 0 | |a Mujeres singulares / |c George Gissing ; traducción, Alejandro Palomas. |
| 250 | |a Edición en formato digital. | ||
| 264 | 1 | |a Barcelona : |b Alba, |c [2020] | |
| 300 | |a 1 online resource. | ||
| 336 | |a text |b txt |2 rdacontent | ||
| 337 | |a computer |b c |2 rdamedia | ||
| 338 | |a online resource |b cr |2 rdacarrier | ||
| 347 | |a text file |2 rdaft | ||
| 347 | |b EPUB | ||
| 490 | 1 | |a Alba minus | |
| 490 | 1 | |a Alba clásica | |
| 588 | 0 | |a Online resource; title from ePub title page (Digitalia, viewed September 23, 2022) | |
| 650 | 0 | |a Women |x Employment |v Fiction. | |
| 650 | 0 | |a Middle class women |v Fiction. | |
| 650 | 0 | |a Single women |v Fiction. | |
| 651 | 0 | |a London (England) |v Fiction. | |
| 655 | 7 | |a Domestic fiction. |2 lcgft | |
| 655 | 0 | |a Electronic books. | |
| 700 | 1 | |a Palomas, Alejandro, |d 1967- |e translator. | |
| 700 | 1 | |i Translation of: |a Gissing, George, |d 1857-1903. |t Odd women. | |
| 791 | 2 | |a Digitalia (Firm), |e distributor. | |
| 793 | 0 | |g Digitalia eBook Collection: |a Alba Editorial | |
| 776 | 0 | 8 | |i Print version: |a Gissing, George, 1857-1903. |s Odd women. Spanish (Palomas). |t Mujeres singulares. |d Barcelona : Alba, 2001 |z 9788484280774 |
| 830 | 0 | |a Alba minus. | |
| 830 | 0 | |a Alba Clásica ; |v 47. | |
| 856 | 4 | 0 | |u https://digitalia.uam.elogim.com/a/80297/ |z Texto completo |
| 910 | |a Premium collection: 2022 | ||


